000 00246nam a22001097a 4500
008 170124b xxu||||| |||| 00| 0 eng d
020 _a30111005018857
041 _aeng
080 _a618.2
245 _aNURSING ISSUES
_cBULLOUGH,B
942 _2udc
_cBK
999 _c3548
_d3548